Abortion : (Record no. 2800)

MARC details
000 -LEADER
fixed length control field 00431nam a2200169Ia 4500
003 - CONTROL NUMBER IDENTIFIER
control field GBCCL
005 - DATE AND TIME OF LATEST TRANSACTION
control field 20241126110440.0
008 - FIXED-LENGTH DATA ELEMENTS--GENERAL INFORMATION
fixed length control field 170921b xxu||||| |||| 00| 0 eng d
040 ## - CATALOGING SOURCE
Transcribing agency gbc
082 ## - DEWEY DECIMAL CLASSIFICATION NUMBER
Classification number 241.6976
Item number POW
100 ## - MAIN ENTRY--PERSONAL NAME
Personal name Powell, John
9 (RLIN) 5898
245 ## - TITLE STATEMENT
Title Abortion :
Remainder of title the silent holocaust
260 ## - PUBLICATION, DISTRIBUTION, ETC.
Name of publisher, distributor, etc. Argus communications,
Place of publication, distribution, etc. Texas :
Date of publication, distribution, etc. 1981.
300 ## - PHYSICAL DESCRIPTION
Extent 183p. ;
650 ## - SUBJECT ADDED ENTRY--TOPICAL TERM
Topical term or geographic name entry element Ethics
Form subdivision abortion
9 (RLIN) 5899
942 ## - ADDED ENTRY ELEMENTS (KOHA)
Source of classification or shelving scheme Dewey Decimal Classification
Koha item type Books
Koha issues (borrowed), all copies 3
Holdings
Withdrawn status Lost status Source of classification or shelving scheme Damaged status Not for loan Home library Current Library Shelving location Date acquired Total checkouts Full call number Barcode Date last seen Date last checked out Copy number Price effective from Koha item type
    Dewey Decimal Classification     GRACE BIBLE COLLEGE GRACE BIBLE COLLEGE Theology 2017-09-21 3 241.6976 POW 007218 2025-05-01 2022-08-01 c.1 2017-09-21 Books
© Grace Bible College Library 2025